000 00659nam a2200241 i 4500
001 18112
003 ES-MaACL
005 20250911062634.0
007 t|
008 010813s2001 sp ||||0| spa j
020 _a84-233-3297-7
040 _aM-BN
_bspa
_cM-BN
080 _a821.134.2-31"19"
100 1 _aMarías, Fernando.
_976686
245 1 3 _aEl Niño de los coroneles /
_cFernando Marías.
250 _a1ª ed.
260 _aBarcelona :
_bDestino,
_c2001.
300 _a527 p ;
_c23 cm.
490 1 _aAncora y delfín ;
_v920
830 0 0 _aÁncora y Delfín
_v920
_9151298
852 _aES-MaACL
_jL-24858
_bR.130128
999 _c18112
_d18112